Normal view
MARC view
Entry Personal Name
001 - CONTROL NUMBER
- control field: 566920
003 - CONTROL NUMBER IDENTIFIER
- control field: OSt
005 - DATE AND TIME OF LATEST TRANSACTION
- control field: 20220930202436.0
008 - FIXED-LENGTH DATA ELEMENTS
- fixed length control field: 220930|| aca||aabn | a|a d
040 ## - CATALOGING SOURCE
- Original cataloging agency: OSt
- Transcribing agency: OSt
100 ## - HEADING--PERSONAL NAME
- Personal name: Yadav Mahenthi Prasad
670 ## - SOURCE DATA FOUND
- Source citation: Work cat.: (OSt)903179: Yadav Mahenthi Prasad, Viddhyapati padavali ki kavya-bhasha, 2010
